| 000 | 01861nam a22002177a 4500 | ||
|---|---|---|---|
| 999 |
_c63687 _d63687 |
||
| 003 | Ge_BSU | ||
| 005 | 20251208211725.0 | ||
| 008 | 251208s2022 ge ||||| |||| 00| 0 geo d | ||
| 020 | _a9789941980350 | ||
| 041 | _ageo | ||
| 080 | _a016:821.353.1 ჭ-15 | ||
| 100 |
_aჭავჭავაძე, ილია _926417 |
||
| 245 |
_aთხზულებათა სრული კრებული : _b20 ტომად. ტომი 20, საძიებლები / _cილია ჭავჭავაძე; მთავარი რედაქტორი ირმა რატიანი; ტომის რედაქტორი თამარ ციციშვილი; ტომი გამოსაცემად მოამზადეს: ნანა ფრუიძემ, თამარ აბრამიშვილმა, ნათია ხუცურაულმა; დიზაინერი დათო მოსიაშვილი; შოთა რუსთაველის სახ. ქართული ლიტერატურის ინსტიტუტი. |
||
| 264 |
_aთბილისი : _b საქართველოს პარლამენტის ეროვნული ბიბლიოთეკა, _c2022. |
||
| 300 |
_a604 გვ.; _b22 სმ. |
||
| 700 |
_aრატიანი, ირმა _eმთ. რედაქტორი. _95778 |
||
| 700 |
_aციციშვილი, თამარ _eტომის რედაქტორი _921324 |
||
| 710 |
_aშოთა რუსთაველის სახ. ქართული ლიტერატურის ინსტიტუტი. _926416 |
||
| 856 |
_uhttps://dspace.nplg.gov.ge/bitstream/1234/420280/1/Ilia_Chavchavadze_Tomi_XX.pdf _yელ. ვერსია |
||
| 942 |
_2udc _cᲬᲘᲒᲜᲘ |
||